Desconectados : Habilidades, educación y empleo en América Latina (Record no. 9257)
[ view plain ]
| 000 -LEADER | |
|---|---|
| campo de control de longitud fija | 00430nam a2200157Ia 4500 |
| 001 - NÚMERO DE CONTROL | |
| campo de control | 3027 |
| 008 - DATOS DE LONGITUD FIJA--INFORMACIÓN GENERAL | |
| campo de control de longitud fija | 241024s9999 xx 000 0 und d |
| 020 ## - NÚMERO INTERNACIONAL ESTÁNDAR DEL LIBRO | |
| Número Internacional Estándar del Libro | 978-1-59782-149-0 |
| 082 ## - NÚMERO DE LA CLASIFICACIÓN DECIMAL DEWEY | |
| Número de clasificación | RD/370.24/B321d |
| 100 ## - ENTRADA PRINCIPAL--NOMBRE DE PERSONA | |
| Nombre de persona | [*SIN AUTOR*] |
| 245 #0 - MENCIÓN DEL TÍTULO | |
| Título | Desconectados : Habilidades, educación y empleo en América Latina |
| 260 ## - PUBLICACIÓN, DISTRIBUCIÓN, ETC. | |
| Nombre del editor, distribuidor, etc. | Fondo Cultural Económica |
| Fecha de publicación, distribución, etc. | 2012 |
| 590 ## - NOTA LOCAL (RLIN) | |
| Nota local | si |
| 901 ## - ELEMENTOS DE DATOS A LOCAL LDA (RLIN) | |
| a | 22/7/2013 3:05:59 p.m. |
No items available.